LEADER 00814nam0-2200277 --450 001 9910509907303321 005 20211209145832.0 100 $a20211209d1972----kmuy0itay5050 ba 101 2 $alat$afre 102 $aBE 105 $a 001yy 200 1 $aOpera$fSanti Cypriani Episcopi 210 $aTurnholti$cBrepols$d1972 215 $avolumi$d26 cm 225 1 $aCorpus Christianorum. Series Latina$v3 327 $a1.: Ad Quirinum ad Fortunatum / edidit R. Weber 700 1$aCyprianus,$bCaecilius Thascius$0269383 702 1$aWeber,$bRobert$f<1904-1980> 702 1$aBévenot,$bMaurice 801 0$aIT$bUNINA$gREICAT$2UNIMARC 901 $aBK 912 $a9910509907303321 952 $a870.308 CH CORP. CHISTANORUM 3$b46662$fFLFBC 959 $aFLFBC 996 $aOpera$92505763 997 $aUNINA LEADER 00994nam 2200361 450 001 9910150534003321 005 20230808200516.0 010 $a1-68325-349-3 035 $a(CKB)3710000000939502 035 $a(MiAaPQ)EBC4731981 035 $a(EXLCZ)993710000000939502 100 $a20161122h20162016 uy 0 101 0 $aspa 135 $aurcnu|||||||| 181 $2rdacontent 182 $2rdamedia 183 $2rdacarrier 200 10$aDinosaurios de papel /$fWalter Alexandre Schultz 210 1$a[Dublin], Ireland :$cDe Vecchi,$d2016. 210 4$d©2016 215 $a1 online resource (60 pages) $cillustrations, photographs 311 $a84-315-3416-8 606 $aOrigami$vJuvenile literature 615 0$aOrigami 676 $a736.982 700 $aSchultz$b Walter Alexandre$01378344 801 0$bMiAaPQ 801 1$bMiAaPQ 801 2$bMiAaPQ 906 $aBOOK 912 $a9910150534003321 996 $aDinosaurios de papel$93416744 997 $aUNINA